01126nam a2200193Ia 4500001001100000003001000011008004100021040002500062041001300087100001200100245004900112250001100161260004800172300002700220500026400247501011400511520026400625650004300889L350-24209IT-CnALBA170116s9999||||xx |||||||||||||| ||und|| aIT-CnALBAcIT-CnALBA aITALIANO aAA. VV. 0aQUATTRO ANNI DI LAVORO PER ROMA: 1956/1960.  a1a ed. aROMAbCOMUNE DI ROMA'c1960 [1° Ed.: n.d.] a264 p. (prefazione: 7) aRELAZIONE GENERALE DELL'AMMINISTRAZIONE COMUNALE. AVVOCATURA. RAGIONERIA. DEMANIO E PATRIMONIO. TRIBUTI E IMPOSTE. LAVORI PUBBLICI. IGIENE E SANTITÀ ANTICHITÀ E BELLE ARTI. PROVVEDITORATO. TURISMO E SPORT. NETTEZZA URBANA. AUTOPARCO. GIOCHI OLIMPICI, 1960 aSocietà San Paolo EM - Piazza San Paolo, 14 - 12051 ALBA (CN) (non commercial uses only) ® Copyright 2017 aRELAZIONE GENERALE DELL'AMMINISTRAZIONE COMUNALE. AVVOCATURA. RAGIONERIA. DEMANIO E PATRIMONIO. TRIBUTI E IMPOSTE. LAVORI PUBBLICI. IGIENE E SANTITÀ ANTICHITÀ E BELLE ARTI. PROVVEDITORATO. TURISMO E SPORT. NETTEZZA URBANA. AUTOPARCO. GIOCHI OLIMPICI, 1960 aAMMIN. PUBBL. POT. ES. ARTE-SCIEN. MIL